Daily Capital City Riddle #52 - Statistics

General Stats
  • This quiz has been taken 51 times
  • The average score is 28 of 34
Answer Stats
Type Answer % Correct
Found Letter A
100%
Found Letter I
100%
Found Letter N
100%
Found Letter R
100%
Alphabet Letter B
98%
Found Letter O
98%
Alphabet Letter S
98%
Alphabet Letter E
95%
Alphabet Letter C
93%
Alphabet Letter D
90%
Alphabet Letter M
90%
Alphabet Letter T
90%
Alphabet Letter W
88%
Alphabet Letter L
85%
Alphabet Letter U
85%
Alphabet Letter G
83%
Found Letter H
83%
Correctly Placed Letter I
83%
Correctly Placed Letter N
83%
Correctly Placed Letter O
83%
Alphabet Letter P
83%
Alphabet Letter K
80%
Alphabet Letter Y
80%
Alphabet Letter V
78%
Correctly Placed Letter A
75%
Alphabet Letter J
75%
Correctly Placed Letter A
70%
Correctly Placed Letter H
70%
Correctly Placed Letter R
70%
Alphabet Letter Z
70%
Alphabet Letter X
65%
Alphabet Letter Q
63%
Alphabet Letter F
58%
Mystery Capital Honiara
58%
No matching quizzes found
Score Distribution
Percent of People with Each Score
Percentile by Number Answered
Your Score History
You have not taken this quiz